|
|
|
|
| LEADER |
00000nam0a2200000 4500 |
| 001 |
169615 |
| 005 |
20231031163502.0 |
| 010 |
|
|
|a 9785699355822
|
| 035 |
|
|
|a (RuTPU)RU\TPU\book\183976
|
| 090 |
|
|
|a 169615
|
| 100 |
|
|
|a 20091116d2009 m y0rusy50 ca
|
| 101 |
0 |
|
|a rus
|
| 102 |
|
|
|a RU
|
| 105 |
|
|
|a y z 000ay
|
| 200 |
1 |
|
|a Абордажники
|e фантастический роман
|f В. Рощин
|
| 210 |
|
|
|a Москва
|c Эксмо
|d 2009
|
| 215 |
|
|
|a 352 с.
|
| 225 |
1 |
|
|a Абсолютное оружие
|
| 330 |
|
|
|a Ну что интересное или тем более ценное может найтись на планете, у которой даже название какое-то гадкое — Каакун? Тем более для джентльменов космической удачи, флибустьеров дальнего внеземелья? Однако Дэвису Александеру и экипажу «Красного дракона» досталось и то и другое, и в огромных количествах вместо ожидаемой скучной стоянки и рутинного ремонта. Опасная экспедиция в дебри населенных монстрами лесов и полномасштабные военные действия против боевиков Межпланетной горнорудной компании, почему-то включившей этот мирок в сферу своих стратегических интересов, были уже потом. А начиналось все с истории о старом пиратском кладе...
|
| 610 |
1 |
|
|a русская литература
|
| 610 |
1 |
|
|a романы
|
| 610 |
1 |
|
|a боевики
|
| 610 |
1 |
|
|a фантастика
|
| 675 |
|
|
|a Р2
|v 3
|
| 700 |
|
1 |
|a Рощин
|b В.
|g Вадим
|
| 801 |
|
1 |
|a RU
|b 63413507
|c 20091116
|
| 801 |
|
2 |
|a RU
|b 63413507
|c 20091118
|g RCR
|
| 942 |
|
|
|c BK
|